Think and grow rich (Record no. 232537)

MARC details
000 -LEADER
fixed length control field 00358nam a2200145Ia 4500
005 - DATE AND TIME OF LATEST TRANSACTION
control field 20241205140830.0
008 - FIXED-LENGTH DATA ELEMENTS--GENERAL INFORMATION
fixed length control field 231221s9999 xx 000 0 und d
020 ## - INTERNATIONAL STANDARD BOOK NUMBER
International Standard Book Number 9788188452347
082 ## - DEWEY DECIMAL CLASSIFICATION NUMBER
Classification number 158.1 HIL;1 R
100 ## - MAIN ENTRY--PERSONAL NAME
Personal name Hill, Nepoleon.
245 #0 - TITLE STATEMENT
Title Think and grow rich
260 ## - PUBLICATION, DISTRIBUTION, ETC. (IMPRINT)
Date of publication, distribution, etc. 2004
Name of publisher, distributor, etc. Embassy Book
Place of publication, distribution, etc. Mumbai
300 ## - PHYSICAL DESCRIPTION
Extent xviii, 304
942 ## - ADDED ENTRY ELEMENTS (KOHA)
Koha item type Arch Books
Holdings
Date last seen Total Checkouts Full call number Accession number Old discount Cost, replacement price Price effective from Category Lost status Source of classification or shelving scheme Damaged status Department Withdrawn status bill no. Permanent Location Current Location Shelving location Entry date Vendor Cost, normal purchase price Grants Currency symbol Conversion rate Discount Discount type
26/01/2024   158.1 HIL;1 R AR718 25 93.75 26/01/2024 Arch Books   Dewey Decimal Classification       BANG/2016/CRB/609 Architecture Library Architecture Library ARCH 16/11/2016 Intact Book House Pvt Ltd 125.00 ARCH RS 1 31.25 Rupees

© For any Suggestions or Query, please contact the library staff @ librarian@pes.edu or Phone: +9180 2672 1983/ 2108.